| 000 | 00582nam a22001697a 4500 | ||
|---|---|---|---|
| 003 | MACL | ||
| 005 | 20160128172530.0 | ||
| 008 | 160128b xxu||||| |||| 00| 0 eng d | ||
| 040 | _cMACL | ||
| 041 | _aHindi | ||
| 082 | _a285.076/SHA | ||
| 100 |
_aडॉ एच पी शर्मा एवं ए के सिंह _935133 |
||
| 245 | _aप्रैक्टिस वर्क बुक रेलवे भर्ती बोर्ड परीक्षा | ||
| 260 |
_aआगरा _bउपकार प्रकाशन |
||
| 650 |
_aRail Road _94562 |
||
| 942 |
_2ddc _cHIN |
||
| 999 |
_c52892 _d52892 |
||